000 00445nam a2200181Ia 4500
003 GCL
008 140319s9999 xx 000 0 eng d
040 _aGCL /
_cGCL
082 0 4 _a746.92
_bS S
100 1 _aSTONE, JEFF
245 1 0 _aSHIRT AND TIE /
_cSTONE, JEFF
700 1 _aJOHNSON, KIM GROSS
260 _a[S.N] :
_bTHAMES AND HUDSON ،
_c1993
300 _a95
650 0 4 _aCLOTHING AND DRESS
650 0 4 _aCARAVAT
942 _2ddc
_cBK
999 _c11015
_d11015